Death By A Thousand Cuts lyrics - Statistics

General Stats
  • This quiz has been taken 184 times
  • The average score is 354 of 385
Answer Stats
Lyrics % Correct
a
100%
by
100%
cut
100%
cuts
100%
death
100%
I
100%
"I
100%
it
100%
it's
100%
It's
100%
of
100%
thousand
100%
when
100%
you
100%
You
100%
'cause
99%
love
99%
love,
99%
my
99%
My
99%
no
99%
No,
99%
no,
99%
say,
99%
the
99%
The
99%
this
99%
up
99%
is
98%
me
98%
not
98%
Saying
98%
to
98%
be
97%
goodbye
97%
was
97%
your
97%
and
96%
And
96%
baby
96%
but
96%
But
96%
enough
96%
enough,
96%
look
96%
we
96%
you're
96%
alright
95%
alright,
95%
ask
95%
didn't
95%
if
95%
If
95%
They
95%
through
95%
know"
94%
lights
94%
on
94%
still
94%
that
94%
windows
94%
don't
93%
get
93%
touch
93%
traffic
93%
body,
91%
find
91%
okay
91%
part
91%
take
91%
thin
91%
Trying
91%
drunk,
90%
like
90%
comes
89%
Flashbacks
88%
morning
88%
Our
88%
our
88%
for
87%
hips,
87%
home
87%
in
87%
it'll
87%
now
87%
Now
87%
bad
86%
drug
86%
heart,
86%
long
86%
time
86%
time,
86%
way
86%
can't
85%
even
84%
here
84%
I'm
84%
just
84%
them
84%
waking
84%
pretend
83%
land
81%
lawless
81%
one
81%
Paper
81%
paper
81%
wasn't
81%
Chandelier
80%
country,
80%
Gave
80%
hand
80%
though
80%
flickering
79%
guess
79%
why
79%
I'll
78%
pages?
78%
writing
78%
ages
77%
am
77%
boarded
77%
over,
77%
said
77%
story's
77%
united
77%
only
76%
share
76%
small
76%
town
76%
club
74%
great
74%
haunted
74%
searching
74%
stand
74%
thing
74%
what
74%
wine,
73%
once
72%
kill
71%
one's
71%
ours
71%
see
69%
spirit,
69%
plans
68%
signs
68%
Chandelier's
67%
everywhere
67%
stings
66%
much,
64%
fears
63%
dress
62%
trust
62%
from
61%
with
61%
films,
60%
songs,
60%
Quiet
59%
too
55%
No matching quizzes found
Score Distribution
Percent of People with Each Score
Percentile by Number Answered
Your Score History
You have not taken this quiz